|
|
|
|
| LEADER |
00000nam0a2200000 4500 |
| 001 |
258611 |
| 005 |
20231101233319.0 |
| 020 |
|
|
|a RU
|b 87-71701
|
| 035 |
|
|
|a (RuTPU)RU\TPU\book\281499
|
| 090 |
|
|
|a 258611
|
| 100 |
|
|
|a 20140426d1987 k a0rusy5003 ca
|
| 101 |
0 |
|
|a rus
|
| 102 |
|
|
|a UA
|
| 105 |
|
|
|a y z 101zy
|
| 200 |
1 |
|
|a Совершенствование производственных отношений социализма в условиях ускорения социально-экономического развития
|e тезисы докладов к предстоящей областной межвузовской научной конференции, 29-30 окт. 1987 г.
|f Запорожский машиностроительный институт ; под ред. А. Я. Завиновского
|
| 210 |
|
|
|a Запорожье
|c Изд-во ЗапМИ
|d 1987
|
| 215 |
|
|
|a 131 с.
|
| 300 |
|
|
|a Посвящается 70-летию Великого Октября
|
| 333 |
|
|
|a Исключено из фонда НТБ ТПУ
|
| 702 |
|
1 |
|a Завиновский
|b А. Я.
|4 340
|
| 712 |
0 |
2 |
|a Запорожский машиностроительный институт
|c (1955-1994)
|9 27501
|
| 712 |
1 |
2 |
|a Совершенствование производственных отношений социализма в условиях ускорения социально-экономического развития
|c конференция
|e Запорожье
|f 1987
|
| 801 |
|
0 |
|a RU
|b RuMRKP
|c 19950417
|g psbo
|
| 801 |
|
1 |
|a RU
|b 63413507
|c 20140426
|
| 801 |
|
2 |
|a RU
|b 63413507
|c 20220309
|g RCR
|
| 942 |
|
|
|c BK
|